Ako ovplyvní zavedenie eura slovenské obyvateľstvo?
Odhad vplyvov zavedenia eura na domácnosti. Použitá metodológia a súhrn poznatkov odboru výskumu NBS. Vplyv eura na životnú úroveň.
Gespeichert in:
| 1. Verfasser: | |
|---|---|
| Format: | Buchkapitel |
| Sprache: | Slowakisch |
| Schlagworte: | |
| Tags: |
Keine Tags, Fügen Sie das erste Tag hinzu!
|
MARC
| LEADER | 00000naa$a2200000$$$4500 | ||
|---|---|---|---|
| 001 | 0049649 | ||
| 005 | 20231116082939.0 | ||
| 041 | 0 | |a slo | |
| 044 | |a SK | ||
| 245 | 1 | 0 | |a Ako ovplyvní zavedenie eura slovenské obyvateľstvo? |c Vladimír Solanič |
| 520 | |a Odhad vplyvov zavedenia eura na domácnosti. Použitá metodológia a súhrn poznatkov odboru výskumu NBS. Vplyv eura na životnú úroveň. | ||
| 610 | 2 | 0 | |a Slovensko |
| 610 | 2 | 0 | |a domácnosti |
| 610 | 2 | 0 | |a euro |
| 610 | 2 | 0 | |a výdavky obyvateľstva |
| 610 | 2 | 0 | |a príjmy obyvateľstva |
| 610 | 2 | 0 | |a úroveň životná |
| 610 | 2 | 0 | |a únie menové |
| 100 | 1 | |a Solanič, Vladimír | |